000 004290000a22001570004500
003 LK-CoMWRAF
008 230817t ||||| |||| 00| 0 eng d
040 _aLK-CoMWRAF
_dLK-CoMWRAF
_eLK-CoMWRAF
041 _aeng
082 _a730
_bSOM
100 _aSomasudaram, Daya
245 _aScaarred minds
_bthe psychological impact of war on Sri Lankan Tamils
260 _aColombo
_bVijitha Yapa
_c1998
300 _ap.352
942 _cBK
999 _c2943
_d2943